000 00411nam a2200121Ia 4500
008 170224s9999 xx 000 0 und d
245 _aState variation in opioid and benzodiazepine prescriptions between independent and nonindependent: advanced practice registered nurse prescribing states
260 _bNursing Outlook
260 _c2016
300 _a64:1
500 _aJanuary-February
650 _xNursing.
999 _c317013
_d317013